The Indian Constitution, 1950-1965, (Record no. 76634)

MARC details
000 -LEADER
fixed length control field 00751cam a22002411 4500
001 - CONTROL NUMBER
control field sa 67007497
003 - CONTROL NUMBER IDENTIFIER
control field DLC
005 - DATE AND TIME OF LATEST TRANSACTION
control field 20260227112416.0
008 - FIXED-LENGTH DATA ELEMENTS--GENERAL INFORMATION
fixed length control field 770520s1967 ii b 000 0 eng
010 ## - LIBRARY OF CONGRESS CONTROL NUMBER
LC control number sa 67007497
035 ## - SYSTEM CONTROL NUMBER
System control number (OCoLC)2979911
040 ## - CATALOGING SOURCE
Original cataloging agency DLC
Transcribing agency FU-L
Modifying agency DLC
042 ## - AUTHENTICATION CODE
Authentication code premarc
050 00 - LIBRARY OF CONGRESS CALL NUMBER
Classification number KNS1750
Item number .S48 1967
082 ## - DEWEY DECIMAL CLASSIFICATION NUMBER
Classification number 342.54/09
100 1# - MAIN ENTRY--PERSONAL NAME
Personal name Setalvad, Motilal Chimanlal.
245 14 - TITLE STATEMENT
Title The Indian Constitution, 1950-1965,
Statement of responsibility, etc. by M. C. Setalvad.
260 ## - PUBLICATION, DISTRIBUTION, ETC.
Place of publication, distribution, etc. [Bombay]
Name of publisher, distributor, etc. University of Bombay; [distributors: P. C. Manktala,
Date of publication, distribution, etc. 1967]
300 ## - PHYSICAL DESCRIPTION
Extent xiii, 239 p.
Dimensions 23 cm.
490 0# - SERIES STATEMENT
Series statement Kashinath Trimbak Telang lectures, first series,
Volume/sequential designation 1965
504 ## - BIBLIOGRAPHY, ETC. NOTE
Bibliography, etc. note Bibliographical footnotes.
650 #0 - SUBJECT ADDED ENTRY--TOPICAL TERM
Topical term or geographic name entry element Constitutional law
Geographic subdivision India.

No items available.

Powered by Koha